000 00224 a2200097 4500
001 34544
100 _aHwang, Kai
245 _aScalable parallel computing
260 _aSingapore
_bMcGraw Hill
_c2000
090 _c22827
_d22827
942 _aNUST-CAE
_cM
_c14255
999 _c269617
_d269617